| 000 | 01405cam a2200325 a 4500 | ||
|---|---|---|---|
| 999 |
_c330710 _d330710 |
||
| 001 | 15232922 | ||
| 005 | 20180119161825.0 | ||
| 008 | 080325s2008 maua b 001 0 eng | ||
| 010 | _a 2008013841 | ||
| 015 |
_aGBA889307 _2bnb |
||
| 016 | 7 |
_a014669651 _2Uk |
|
| 020 | _a9780262201759 (hardcover : alk. paper) | ||
| 020 | _a9788120339965 | ||
| 035 | _a(OCoLC)ocn214322997 | ||
| 035 | _a(OCoLC)214322997 | ||
| 040 |
_aDLC _cDLC _dBTCTA _dBAKER _dYDXCP _dUKM _dC#P _dBWX _dDLC |
||
| 050 | 0 | 0 |
_aQA76.7 _b.T845 2008 |
| 082 | 0 | 0 |
_a005.1,TUR _222 |
| 100 | 1 |
_aTurbak, Franklyn Albin. _93682 |
|
| 245 | 1 | 0 |
_aDesign concepts in programming languages / _cFranklyn Turbak and David Gifford ; with Mark A. Sheldon. |
| 260 |
_aCambridge, Mass. : _bMIT Press, _cc2008. |
||
| 300 |
_axxiv, 1322 p. : _bill. ; _c24 cm. |
||
| 505 | _aFoundations (Page-1), Introduction (Page-3). Dynamic Semantic (Page-205), Static Semantics (Page-615), Pragmatics (Page-1003). | ||
| 650 | 0 |
_aProgramming languages (Electronic computers) _93683 |
|
| 700 | 1 |
_aGifford, David K., _d1954- _93684 |
|
| 700 | 1 |
_aSheldon, Mark A. _93685 |
|
| 856 | 4 | 1 |
_3Table of contents only _uhttp://www.loc.gov/catdir/toc/ecip0814/2008013841.html |
| 906 |
_a7 _bcbc _corignew _d1 _eecip _f20 _gy-gencatlg |
||
| 942 |
_2ddc _cBK _k005.1,TUR |
||